Histoire d'un prénom #1 Camille - Statistiques

Statistiques générales
  • Ce quiz a été pris 37 fois
  • Le résultat moyen est 4 sur 15
Statistiques - réponses
Indice Réponse % Correct
Sculptrice incarnée au cinéma par Isabelle Adjani Camille Claudel
55%
Date de sa fête - fêtée par tous les Français ! 14 juillet
45%
Compositeur entre autres du "Carnaval des animaux" Camille Saint-Saens
41%
Un camillus ou une camilla avait cette fonction dans la religion romaine {serviteur} du prêtre
41%
Année où le prénom a été le plus donné 1998
34%
Curé anticommuniste interprété par Fernandel Don Camillo
31%
Adjectif qualifiant les prénoms pouvant être masculins ou féminins Epicène
31%
Titre actuel de Camilla Parker Bowles Reine consort
28%
Journaliste et révolutionnaire guillotiné en 1794 Camille Desmoulins
24%
Peintre franco-danois(1830-1903), l'un des pères de l'impressionnisme Camille Pissaro
17%
Astronome français (1842-1925) très populaire en son temps, et frère du fondateur d'une célèbre maison d'édition portant son nom Camille Flammarion
7%
Saint-Camille vécut une vie aventureuse, il fut blessé et hospitalisé. Profession dont il est le saint patron Infirmiers
7%
Camille a plusieurs fois été donné comme titre à des adaptations de cette célèbre pièce française d'Alexandre Dumas fils La Dame aux camélias
7%
Camille est le nom de la reine des Volsques, peuple italique, citée dans cette épopée de Virgile L'Enéide
3%
Tragédie de Corneille dans laquelle le héros tue sa soeur Camille Horace
0%
Aucun quiz correspondant
Distribution des résultats
% des personnes avec chaque résultat
Percentile par nombre de réponses
Votre historique - résultats
Vous n’avez pas pris ce quiz